| 000 | 00690nam a2200217 i 4500 | ||
|---|---|---|---|
| 001 | 89560 | ||
| 003 | ES-MaACL | ||
| 005 | 20250911062647.0 | ||
| 007 | t| | ||
| 008 | 050111s1954 sp ||||1| spa d | ||
| 100 | 1 |
_aLaski, Margharita. _970445 |
|
| 245 | 1 | 3 |
_aEl niño perdido / _cMargharita Laski ; [traducción del inglés por Rafael Vázquez Zamora]. |
| 250 | _a[1ª ed.]. | ||
| 260 |
_aBarcelona : _bDestino, _c[1954] ( _fAgustín Núñez) |
||
| 300 |
_a236 p. ; _c19 cm. |
||
| 490 | 1 |
_aAncora y delfín ; _v94 |
|
| 700 | 1 |
_aVázquez Zamora, Rafael, _d1911-1972 _9113498 |
|
| 830 | 0 | 0 |
_aÁncora y Delfín _v94 _9151298 |
| 852 |
_aES-MaACL _jC-8230 _bR.36108 |
||
| 999 |
_c89560 _d89560 |
||